Online Catalogue and eLibrary

Inthiyavin Kathai (Record no. 4278)

MARC details
000 -LEADER
fixed length control field 00440nam a2200181Ia 4500
005 - DATE AND TIME OF LATEST TRANSACTION
control field 20250220040527.0
008 - FIXED-LENGTH DATA ELEMENTS--GENERAL INFORMATION
fixed length control field 240331s9999 xx 000 0 und d
082 ## - DDC Classification
Item Number - Author Mark ANA
DDC Edition Number 1575
Class No. 954
100 ## - MAIN ENTRY--PERSONAL NAME
Personal name Anand, M
245 #0 - TITLE STATEMENT
Title Inthiyavin Kathai
250 ## - EDITION STATEMENT
Edition statement 2nd Edition
260 ## - PUBLICATION, DISTRIBUTION, ETC.
Place of publication, distribution, etc. Chennai
Name of publisher, distributor, etc. New Century Book House Private Limited, 1991
300 ## - PHYSICAL DESCRIPTION
Extent (e.g. Volumes, Pages etc.) vii, 119 p.,
650 ## - SUBJECT ADDED ENTRY--TOPICAL TERM
Topical term or geographic name entry element India
650 ## - SUBJECT ADDED ENTRY--TOPICAL TERM
Topical term or geographic name entry element History
650 ## - SUBJECT ADDED ENTRY--TOPICAL TERM
Topical term or geographic name entry element Poems
942 ## - Koha item type (Biblio)
Koha item type Books in Stacks (Lending)
Holdings
Lost status Damaged status Collection code Home library Current library Shelving location Date acquired Full call number Accession Number Item type
    Lending WERC Library WERC Library Social Science Cupboard 03/31/2024 954 ANA 1575 Books in Stacks (Lending)

© WERC Library